<?xml version="1.0" encoding="UTF-8"?>
<record
    xmlns:xsi="http://www.w3.org/2001/XMLSchema-instance"
    xsi:schemaLocation="http://www.loc.gov/MARC21/slim http://www.loc.gov/standards/marcxml/schema/MARC21slim.xsd"
    xmlns="http://www.loc.gov/MARC21/slim">

  <leader>00997cam a2200265 a 4500</leader>
  <controlfield tag="001"> 79077</controlfield>
  <controlfield tag="003">BD-RjUL</controlfield>
  <controlfield tag="005">20220807130716.0</controlfield>
  <controlfield tag="008">211223s196?    pk h     b    00110 urd  </controlfield>
  <datafield tag="035" ind1=" " ind2=" ">
    <subfield code="a">BD-RjUL) 79077</subfield>
  </datafield>
  <datafield tag="040" ind1=" " ind2=" ">
    <subfield code="a">DLC-R</subfield>
    <subfield code="c">DLC-R</subfield>
    <subfield code="d">DLC-R</subfield>
    <subfield code="d">DLC</subfield>
    <subfield code="b">eng</subfield>
  </datafield>
  <datafield tag="041" ind1=" " ind2=" ">
    <subfield code="a">urd</subfield>
  </datafield>
  <datafield tag="082" ind1=" " ind2=" ">
    <subfield code="2">23</subfield>
    <subfield code="a">297.12551</subfield>
    <subfield code="b">ABS 196?</subfield>
  </datafield>
  <datafield tag="100" ind1="0" ind2=" ">
    <subfield code="a">.Ab&#x16B; D&#x101;&#x2BC;&#x16B;d Sulaym&#x101;n ibn al-Ash&#x2BB;ath al-Sijist&#x101;n&#x12B;,</subfield>
    <subfield code="d">817 or 818-889.</subfield>
    <subfield code="9">250714</subfield>
  </datafield>
  <datafield tag="245" ind1="1" ind2="0">
    <subfield code="a">&#x633;&#x646;&#x646; &#x627;&#x628;&#x6CC; &#x62F;&#x627;&#x648;&#x62F; &#x634;&#x631;&#x6CC;&#x641; &#x645;&#x62A;&#x631;&#x62C;&#x645; &#x627;&#x631;&#x62F;&#x648;  ;; Sunan Ab&#x12B; D&#x101;w&#x16B;d /</subfield>
    <subfield code="c">&#x623;&#x628;&#x648; &#x62F;&#x627;&#x648;&#x62F;&#x60C; &#x633;&#x644;&#x64A;&#x645;&#x627;&#x646; &#x628;&#x646; &#x627;&#x644;&#x627;&#x634;&#x639;&#x62B;;  &#x645;&#x62A;&#x631;&#x62C;&#x645; &#x648;&#x62D;&#x64A;&#x62F; &#x627;&#x644;&#x632;&#x645;&#x627;&#x646;, .;; 'abu dawud, sulayman bin aliashaeth,,</subfield>
    <subfield code="n">817-889</subfield>
  </datafield>
  <datafield tag="260" ind1=" " ind2=" ">
    <subfield code="a">Karachi:</subfield>
    <subfield code="b">Quran Mahal;</subfield>
    <subfield code="c">196?</subfield>
  </datafield>
  <datafield tag="300" ind1=" " ind2=" ">
    <subfield code="a">v.; </subfield>
    <subfield code="c">24 cm</subfield>
  </datafield>
  <datafield tag="500" ind1=" " ind2=" ">
    <subfield code="a">Translate Into Urdu [arabic-Urdu]</subfield>
  </datafield>
  <datafield tag="505" ind1=" " ind2=" ">
    <subfield code="a">Vol. 3.--</subfield>
  </datafield>
  <datafield tag="650" ind1=" " ind2="0">
    <subfield code="a">Hadith</subfield>
    <subfield code="v">Texts</subfield>
    <subfield code="v">Early works to 1800.</subfield>
    <subfield code="9">250715</subfield>
  </datafield>
  <datafield tag="650" ind1=" " ind2="0">
    <subfield code="a">Abu Daud </subfield>
    <subfield code="9">250716</subfield>
  </datafield>
  <datafield tag="700" ind1=" " ind2=" ">
    <subfield code="a"> &#x645;&#x62A;&#x631;&#x62C;&#x645; &#x648;&#x62D;&#x64A;&#x62F; &#x627;&#x644;&#x632;&#x645;&#x627;&#x646;</subfield>
    <subfield code="9">4327</subfield>
  </datafield>
  <datafield tag="942" ind1=" " ind2=" ">
    <subfield code="2">ddc</subfield>
    <subfield code="c">BK</subfield>
  </datafield>
  <datafield tag="999" ind1=" " ind2=" ">
    <subfield code="c">79077</subfield>
    <subfield code="d">79077</subfield>
  </datafield>
  <datafield tag="952" ind1=" " ind2=" ">
    <subfield code="0">0</subfield>
    <subfield code="1">0</subfield>
    <subfield code="2">ddc</subfield>
    <subfield code="4">0</subfield>
    <subfield code="7">1</subfield>
    <subfield code="8">NFIC</subfield>
    <subfield code="a">RUCL</subfield>
    <subfield code="b">RUCL</subfield>
    <subfield code="c">Reading</subfield>
    <subfield code="d">2021-12-28</subfield>
    <subfield code="o">U 297.12551 DAS  V-3 196?</subfield>
    <subfield code="r">2021-12-28 00:00:00</subfield>
    <subfield code="t">C-1</subfield>
    <subfield code="y">BK</subfield>
  </datafield>
  <datafield tag="952" ind1=" " ind2=" ">
    <subfield code="0">0</subfield>
    <subfield code="1">0</subfield>
    <subfield code="2">ddc</subfield>
    <subfield code="4">0</subfield>
    <subfield code="7">1</subfield>
    <subfield code="8">NFIC</subfield>
    <subfield code="a">RUCL</subfield>
    <subfield code="b">RUCL</subfield>
    <subfield code="c">Reading</subfield>
    <subfield code="d">2022-08-07</subfield>
    <subfield code="l">0</subfield>
    <subfield code="o">U 297.12551 ABS V-1 196?</subfield>
    <subfield code="r">2022-08-07 00:00:00</subfield>
    <subfield code="t">C-1</subfield>
    <subfield code="w">2022-08-07</subfield>
    <subfield code="y">BK</subfield>
  </datafield>
</record>
